Electronic Devices and Circuits (Record no. 978)

MARC details
000 -LEADER
fixed length control field 00353nam a2200145Ia 4500
008 - FIXED-LENGTH DATA ELEMENTS--GENERAL INFORMATION
fixed length control field 191201s2005 xx 000 0 und d
082 ## - DEWEY DECIMAL CLASSIFICATION NUMBER
Classification number 621.381
Item number MIE
100 ## - MAIN ENTRY--PERSONAL NAME
Personal name MILLMAN, jacob
245 #0 - TITLE STATEMENT
Title Electronic Devices and Circuits
250 ## - EDITION STATEMENT
Edition statement 33th
260 ## - PUBLICATION, DISTRIBUTION, ETC. (IMPRINT)
Place of publication, distribution, etc N.Delhi
Name of publisher, distributor, etc Tata McGraw Hill
Date of publication, distribution, etc 2005
300 ## - PHYSICAL DESCRIPTION
Extent 752
650 ## - SUBJECT ADDED ENTRY--TOPICAL TERM
Topical term or geographic name as entry element B.Tech(ECE)
942 ## - ADDED ENTRY ELEMENTS (KOHA)
Source of classification or shelving scheme Dewey Decimal Classification
Koha item type Text Books
Holdings
Withdrawn status Lost status Source of classification or shelving scheme Damaged status Not for loan Collection code Home library Current library Date acquired Source of acquisition Cost, normal purchase price Bill Number Total Checkouts Full call number Acc. no. / Barcode Date last seen Date last borrowed Bill Date Koha item type
    Dewey Decimal Classification     B.Tech(ECE) PIET C-LIBRARY PIET C-LIBRARY 16/03/2007 UDH, Delhi 250.00 CM 4732 1 621.381 MIE 955 09/10/2023 28/09/2023 23/08/2005 Text Books
    Dewey Decimal Classification     B.Tech(ECE) PIET C-LIBRARY PIET C-LIBRARY 16/03/2007 UDH, Delhi 250.00 CM 4732   621.381 MIE 956 04/12/2019   23/08/2005 Text Books
    Dewey Decimal Classification     B.Tech(ECE) PIET C-LIBRARY PIET C-LIBRARY 16/03/2007 UDH, Delhi 250.00 CM 4732 2 621.381 MIE 957 17/11/2023 31/10/2023 23/08/2005 Text Books
    Dewey Decimal Classification     B.Tech(ECE) PIET C-LIBRARY PIET C-LIBRARY 16/03/2007 UDH, Delhi 250.00 CM 4732   621.381 MIE 958 04/12/2019   23/08/2005 Text Books
    Dewey Decimal Classification     B.Tech(ECE) PIET C-LIBRARY PIET C-LIBRARY 16/03/2007 UBS, DELHI 250.00 4732   621.381 MIE 3812 16/01/2020   23/08/2005 Text Books

Design & Developed by: PIET Central Library
R70 Miles Stone Pattikalyana Samalkha Panipat 132102
mail ID :- [email protected], Phone No:- 0180-2569700 Ex.216